000 00382nam a2200133Ia 4500
003 GCL
008 140319s9999 xx 000 0 ara d
040 _aGCL /
_cGCL
082 0 4 _a658.83
_bى ب
100 1 _aيحيى عيد
245 1 0 _aبحوث التسويق والتصدير /
_cيحيى عيد
300 _a366 ص
490 _aالهيئة العامة للاستعلامات
_v0
999 _c48272
_d48272